| Tag |
First Indicator |
Second Indicator |
Subfields |
| LEADER |
00000cam a22000001 4500 |
| 001 |
in00000050412 |
| 005 |
20151007071825.0 |
| 008 |
740410s1967 nyua b 00010 eng |
| 010 |
|
|
|a 67011458
|
| 035 |
|
|
|a (OCoLC)00559515
|
| 035 |
|
|
|9 AAE6705AM
|
| 040 |
|
|
|a DLC
|c DLC
|d TXA
|d UtOrBLW
|
| 049 |
|
|
|a TXAM
|c [469164]
|
| 050 |
0 |
0 |
|a QP514
|b .R35
|
| 082 |
0 |
|
|a 574.1/92
|
| 092 |
|
|
|a 574.192
|b R379c, 1967
|
| 100 |
1 |
|
|a Reithel, Francis J.
|
| 245 |
1 |
0 |
|a Concepts in biochemistry /
|c [by] Francis J. Reithel.
|
| 264 |
|
1 |
|a New York :
|b McGraw-Hill,
|c [1967]
|
| 300 |
|
|
|a xiii, 414 pages :
|b illustrations ;
|c 24 cm.
|
| 336 |
|
|
|a text
|b txt
|2 rdacontent
|
| 337 |
|
|
|a unmediated
|b n
|2 rdamedia
|
| 338 |
|
|
|a volume
|b nc
|2 rdacarrier
|
| 504 |
|
|
|a Includes bibliographies.
|
| 650 |
|
0 |
|a Biochemistry.
|
| 999 |
|
|
|a MARS
|
| 999 |
f |
f |
|s bb054f3b-30be-350e-b5ea-91b5785ad904
|i a4e2f99e-c522-32c3-bf63-f96ae45fd8fe
|t 0
|
| 952 |
f |
f |
|p ric
|a Texas A&M University
|b Rellis Campus
|c Joint Library Facility
|d Remote Storage
|t 0
|e QP514 .R35
|h Library of Congress classification
|i unmediated -- volume
|m A14800974036
|
| 998 |
f |
f |
|a QP514 .R35
|t 0
|l Remote Storage
|